| 000 | 00000nam##2200000za#4500 |
| 001 | 9.634847 |
| 003 | CaOODSP |
| 005 | 20210624215955 |
| 007 | cr ||||||||||| |
| 008 | 150407|2007||||xxc|||||o f|0| 0 fre|d |
| 020 | |a978-0-662-07739-8 |
| 040 | |aCaOODSP|bfre |
| 043 | |an-cn--- |
| 086 | 1 |aP109-7/2007F-PDF |
| 110 | 1 |aCanada.|bTravaux publics et Services gouvernementaux Canada. |bProgramme des Éditions et des services de dépôt. |
| 245 | 10|aGuide de référence pour les ministères auteurs : |h[ressource électronique]|bProgrammes d'édition : Droit d'auteur et licences |
| 260 | |aOttawa - Ontario : |bTravaux publics et Services gouvernementaux Canada. |cc2007. |
| 500 | |aLe n° de catalogue (P109-7/2007) et l'ISBN (978-0-662-05340-8) de l'édition imprimée bilingue ont été incorrectement copiés dans l'édition électronique. |
| 590 | |a11-29-Supp|b2011-11-25 |
| 691 | 07|aÉdition|2gcpds |
| 775 | 08|tQuick reference guide for author departments : |w(CaOODSP)9.690488 |
| 776 | 0#|tQuick reference guide for author departments : |w(CaOODSP)9.669545 |
| 776 | 0#|tGuide de référence pour les ministères auteurs : |w(CaOODSP)9.669546 |
| 856 | 40|ahttp://publications.gc.ca|qPDF|s138 Ko|uhttps://publications.gc.ca/collections/collection_2011/tpsgc-pwgsc/P109-7-2007-fra.pdf |